| 000 | 00763nam 22002293 4500 | ||
|---|---|---|---|
| 001 | 202096 | ||
| 010 | _a972-570-045-7 | ||
| 021 |
_aPT _b32776/89 |
||
| 090 | _a202096 | ||
| 100 | _a20260511d u||y0pory50 ba | ||
| 200 |
_aAlbert Schweitzer _eo famoso músico e escritor que desprezou uma brilhante carreira para se tornar um dos primeiros médicos em África _fJames Bentley _gtradução Manuela Cardoso |
||
| 205 | _a1ª | ||
| 210 |
_aLisboa _cReplicação _d1990 |
||
| 215 |
_a64 p. _cil.; encadernado _d22 cm |
||
| 225 | _aPessoas que ajudaram o mundo | ||
| 606 |
_91250 _aBiografias |
||
| 675 |
_a929 _vPT _zpor |
||
| 700 |
_917266 _aBentley _bJames _f1937-2000 |
||
| 702 |
_917267 _aCardoso _bManuela |
||
| 801 |
_aPT _bBMMN _gRPC |
||
| 830 | _cVanda | ||
| 990 | _cLIVROS | ||